Paroles - Dinos - Coeurjacking - Statistiques

Statistiques générales
  • Ce quiz a été pris 52 fois
  • Le résultat moyen est 393 sur 486
Statistiques - réponses
Réponse % Correct
m'
100%
à
98%
c'
98%
d'
98%
j'
98%
J'
98%
pas
95%
qu'
95%
r'
95%
s'
95%
t'
95%
ça
93%
de
93%
On
93%
on
93%
et
90%
Et
90%
l'
90%
ma
90%
Me
90%
me
90%
n'
90%
suis
90%
car
88%
Car
88%
Ce
88%
ce
88%
dans
88%
des
88%
dis
88%
le
88%
Le
88%
mal
88%
88%
plus
88%
Plus
88%
que
88%
soir
88%
sous
88%
ta
88%
ai
85%
côté
85%
est
85%
était
85%
"je
85%
je
85%
jours
85%
La
85%
la
85%
85%
les
85%
mais
85%
même
85%
mes
85%
moi
85%
Olympia
85%
remplis
85%
seras
85%
tard
85%
tout
85%
Tu
85%
tu
85%
un
85%
arrêter
83%
as
83%
avait
83%
choix
83%
clips
83%
en
83%
Essaie
83%
essayé
83%
faire
83%
heureux
83%
mettre
83%
miséreux
83%
pour
83%
puis
83%
Puis
83%
sais
83%
sappes
83%
sous-côté
83%
tous
83%
voyait
83%
avais
80%
bordel
80%
caisse
80%
encore
80%
Encore
80%
malade
80%
mon
80%
Ouais
80%
ouais
80%
Parce
80%
parce
80%
part
80%
pire
80%
quand
80%
Quand
80%
tête
80%
une
80%
anéantir
78%
choses
78%
deux
78%
essayer
78%
étais
78%
étudiant
78%
euros
78%
évident
78%
'Fin
78%
Happy
78%
manque
78%
Meal
78%
oreilles
78%
peut
78%
premiers
78%
rap
78%
rend
78%
sommeil
78%
Sommeil
78%
voix
78%
aime"
75%
carte
75%
cœur
75%
études
75%
Face
75%
fini
75%
huit
75%
mentir
75%
météo
75%
North
75%
parlait
75%
payé
75%
Sûrement
75%
tes
75%
vivre
75%
amour
73%
crois
73%
dit
73%
galérais
73%
mangeait
73%
mauvaise
73%
peine
73%
problèmes
73%
seulement
73%
sourire
73%
Afghan
70%
dont
70%
fois
70%
frère
70%
gens
70%
jeune
70%
métro
70%
monnaie
70%
pensais
70%
rêvais
70%
souvenirs
70%
ton
70%
vais
70%
amitié
68%
appeler
68%
changé
68%
corbeille
68%
puce
68%
vider
68%
Ces
65%
Faudrait
65%
ras
65%
ressemble
65%
sait
65%
toute
65%
vois
65%
comme
63%
numéro
63%
Avant
60%
avant
60%
connaissaient
60%
rangé
60%
vous
60%
avoir
58%
disent
58%
dur
58%
Ils
58%
ils
58%
pense
58%
prendre
58%
très
58%
apprenne
55%
plupart
55%
aucune
53%
avez
53%
marche
53%
méfiant
53%
news
53%
plouc
53%
prends
53%
promesse
53%
rarement
53%
tenu
53%
trop
53%
victime
53%
mets
50%
parti
50%
longtemps
48%
service
48%
amoureux
43%
demandé
43%
éclate
43%
Nous
43%
regardais
43%
tomber
43%
che-lâ
40%
jours-ci
40%
actuellement
33%
yeah
33%
frodait
30%
regrettons
25%
devoir
20%
Aucun quiz correspondant
Distribution des résultats
% des personnes avec chaque résultat
Percentile par nombre de réponses
Votre historique - résultats
Vous n’avez pas pris ce quiz